| 000 | 00787nam a22002177a 4500 | ||
|---|---|---|---|
| 999 |
_c19206 _d19206 |
||
| 003 | AR-CdUCM | ||
| 008 | 190516b ||||| |||| 00| 0 spa d | ||
| 020 | _a8430630422 | ||
| 040 |
_aMUNICIPALIDAD PROVINCIAL DEL CUSCO _cBIBLIOTECA MUNICIPAL DEL CUSCO |
||
| 082 |
_a333.946 / _bB39 |
||
| 100 |
_aBernal, Antonio Miguel _940406 |
||
| 245 | _aLa lucha por la tierra en la crisis del antiguo régimen / | ||
| 260 |
_aMadrid : _bTaurus, _c1979. |
||
| 300 |
_a489 páginas ; _c23 cm. |
||
| 505 | _aContenido : Precio anual del trigo -- Fluctuaciones de los precios del moron -- Estudios comparados de producción... | ||
| 650 |
_aTierras señoriales _940407 |
||
| 650 |
_aExplotación de la tierra _940408 |
||
| 650 |
_aRenta de la tierra _940409 |
||
| 942 |
_2ddc _cLIBROS |
||
| 945 | _arcc | ||